000 00384nam a2200145Ia 4500
008 220217s9999||||xx |||||||||||||| ||und||
020 _a0-13-012507-5
082 _a005.133 DEI
100 _aDeitel, H.M Deitel, P.J
_91240
245 0 _aJava how to program
250 _a3rd
260 _aPrentice hall
_bNew Jersey
_c1999
300 _b1253
650 _aPROGRAMMING LANGUAGE
999 _c166126
_d166126